000 00523nam a22001697a 4500
005 20251108170903.0
008 250721s1997 xx 000 0 ara d
082 1 4 _a924.1/عبد
100 1 _aعبد الله، محمد فريد
245 1 0 _aعبد القادر المغربي و أرؤه في اللغة و النحو /
264 1 _aبيروت :
_bدار المواسم،
_c1997.
300 _a341ص
490 0 _aتراجم
650 1 7 _aعبد القادر المغربي
942 _2ddc
_cBK
999 _c51354
_d51354